000 00241nam a2200097Ia 4500
001 1075913
005 20250827002247.0
008 250824s9999 xx 000 0 und d
245 0 _aKAYIP HALKA
_cİHSAN FAZLIOĞLU
260 _bKETEBE YAYINLARI
999 _c1075913
_d1075913